000 00572nam a2200229Ia 4500
003 OSt
005 20220923211732.0
006 a|||||r|||| 00| 0
007 ta
008 Pun
024 _a43,860
037 _cTextual
040 _aARTS
_cARTS
_bPun
041 _2Pun
_aPun
082 _aO153,3N32x, J8;L7
100 _aਗੁਲਵੰਤ
245 0 _aਚਾਂਦੀ ਦਾ ਪੁਲ
260 _c1958
650 _aਪੰਜਾਬੀ ਸਾਹਿਤ
942 _hO153,3N32x, J8;L7
_cTEXL
_2CC
999 _c303023
_d303023